Braga players (2010-2020) - Statistics

General Stats
  • This quiz has been taken 4 times
  • The average score is 45 of 166
Answer Stats
Rank Player Positions Nationality Matches Goals (assists) Period % Correct
37 André Horta CM 47 1 (8) 2017-2018, 2019-2020
100%
5 Matheus GK 98 0 (0) 2014-2020
100%
86 Matheus RW 13 2 (1) 2010-2011
100%
2 Ricardo Horta RW 128 37 (25) 2016-2020
100%
18 Aderllan Santos CB 68 7 (0) 2012-2016
67%
25 Ahmed Hassan ST 63 18 (8) 2015-2018, 2019-2020
67%
1 Alan RW 170 23 (32) 2010-2017
67%
73 Albert Meyong ST 18 3 (0) 2010-2012
67%
8 Bruno Viana CB 87 4 (3) 2017-2020
67%
9 Custódio DM 87 8 (0) 2010-2015
67%
116 Diogo Viana RW 6 0 (0) 2019-2020
67%
53 Douglão CB 32 5 (0) 2011-2013
67%
51 Eduardo GK 33 0 (0) 2013-2014, 2019-2020
67%
117 Eduardo AM 6 0 (1) 2018-2019
67%
59 Galeno LW 27 6 (4) 2019-2020
67%
12 Hugo Viana CM 78 12 (10) 2010-2013
67%
38 João Novais CM 47 1 (5) 2018-2020
67%
85 Joãozinho LB 13 0 (1) 2013-2014
67%
27 Lima ST 60 26 (14) 2010-2013
67%
129 Luís Silva CM 4 0 (0) 2013-2014
67%
68 Nuno Gomes ST 20 6 (2) 2011-2012
67%
56 Pablo Santos CB 30 2 (0) 2018-2020
67%
10 Paulinho ST 87 35 (13) 2017-2020
67%
107 Paulinho RB 8 0 (1) 2016-2017
67%
15 Pedro Santos RW 76 18 (16) 2014-2017
67%
7 Rafa Silva CF 88 13 (11) 2013-2017
67%
34 Raúl Silva CB 51 8 (9) 2017-2020
67%
57 Ruben Amorim CM 30 4 (2) 2011-2013
67%
78 Tiago Gomes LB 16 0 (0) 2014-2015
67%
55 Tiago Sá GK 32 0 (0) 2018-2020
67%
6 Wilson Eduardo LW 97 30 (13) 2015-2020
67%
114 Abel Ruiz ST 6 1 (0) 2019-2020
33%
74 Alberto Rodríguez CB 18 0 (1) 2010-2011
33%
20 André Pinto CB 67 3 (0) 2013-2017
33%
124 Andrés Madrid DM 5 0 (1) 2010-2011
33%
66 Artur Jorge CB 20 0 (0) 2016-2017
33%
75 Artur Moraes GK 18 0 (0) 2010-2011
33%
3 Baiano RB 123 2 (10) 2011-2017
33%
80 Beto GK 15 0 (0) 2012-2013
33%
110 Bruno Wilson CB 7 1 (0) 2016-2017, 2019-2020
33%
60 Carlão ST 26 4 (3) 2011-2013
33%
48 Claudemir DM 35 2 (5) 2018-2020
33%
32 Danilo Barbosa DM 54 6 (6) 2014-2015, 2017-2018
33%
76 David Carmo CB 18 0 (0) 2019-2020
33%
115 Diogo Figueiras RB 6 0 (1) 2017-2019
33%
36 Djavan LB 48 0 (6) 2014-2017
33%
33 Dyego Sousa ST 51 23 (7) 2017-2019
33%
28 Éder ST 59 26 (7) 2012-2015
33%
97 Edinho ST 11 1 (0) 2013-2014
33%
16 Elderson LB 73 5 (1) 2010-2014
33%
45 Fábio Martins LW 39 5 (4) 2014-2015, 2017-2019
33%
91 Felipe GK 12 0 (0) 2010-2011
33%
31 Felipe Pardo RW 56 14 (12) 2013-2015
33%
52 Francisco Trincão RW 33 8 (7) 2018-2020
33%
24 Fransérgio CM 64 6 (9) 2017-2020
33%
22 Hélder Barbosa LW 66 12 (3) 2010-2013
33%
120 Hugo Vieira ST 6 0 (0) 2013-2014
33%
92 Ismaily LB 12 1 (4) 2012-2013
33%
106 João Gamboa DM 8 0 (0) 2014-2015, 2016-2017
33%
35 João Palhinha DM 50 4 (2) 2018-2020
33%
93 Josué AM 12 2 (4) 2015-2016
33%
54 Lazar Rosic CB 32 2 (0) 2016-2018
33%
29 Leandro Salino DM 59 3 (5) 2010-2013
33%
95 Luis Aguiar CM 12 2 (2) 2010-2011
33%
17 Luíz Carlos CM 71 1 (4) 2013-2016
33%
41 Marafona GK 42 0 (0) 2015-2017
33%
4 Marcelo Goiano RB 115 2 (9) 2014-2019
33%
13 Márcio Mossoró AM 77 11 (13) 2010-2013
33%
19 Mauro DM 68 0 (6) 2012-2017
33%
77 Miguel Garcia RB 18 0 (2) 2010-2011
33%
100 Miguel Lopes RB 10 0 (1) 2011-2012
33%
87 Moisés Moura CB 13 1 (0) 2010-2011
33%
67 Murilo de Souza RW 20 3 (1) 2018-2020
33%
30 Nikola Stojiljkovic ST 57 15 (4) 2015-2018
33%
14 Nikola Vukcevic DM 76 4 (6) 2013-2014, 2015-2018
33%
71 Paulão CB 19 2 (0) 2010-2011
33%
39 Paulo César RW 44 6 (3) 2010-2013
33%
46 Paulo Vinícius CB 39 4 (0) 2011-2014
33%
43 Pedro Tiba CM 41 3 (2) 2014-2015, 2016-2017
33%
40 Quim GK 43 0 (0) 2011-2013
33%
11 Ricardo Esgaio RB 85 5 (19) 2017-2020
33%
42 Ricardo Ferreira CB 42 2 (1) 2015-2018
33%
65 Rodrigo Battaglia DM 22 1 (0) 2013-2014, 2016-2017
33%
89 Rodrigo Pinho ST 13 1 (0) 2015-2017
33%
23 Rúben Micael CM 65 11 (7) 2012-2015
33%
21 Rui Fonte ST 67 20 (6) 2015-2018, 2019-2020
33%
49 Salvador Agra RW 34 4 (3) 2013-2015
33%
163 Samú Costa DM 1 0 (0) 2019-2020
33%
26 Sequeira LB 61 0 (12) 2017-2020
33%
69 Sílvio RB 20 1 (2) 2010-2011
33%
72 Ukra RW 19 4 (3) 2010-2012
33%
64 Vandinho CM 23 0 (0) 2010-2011
33%
104 Vinícius CM 9 0 (1) 2010-2012
33%
131 Vítor Tormena CB 4 0 (0) 2019-2020
33%
109 Wallace CB 8 0 (0) 2019-2020
33%
62 Willy Boly CB 25 2 (1) 2015-2017
33%
50 Xadas AM 34 3 (4) 2016-2020
33%
99 Xeka CM 11 0 (1) 2016-2017
33%
47 Zé Luís ST 36 12 (5) 2012-2013, 2014-2015
33%
90 Aarón Ñíguez RW 12 0 (1) 2015-2016
0%
141 Aílton LB 2 0 (0) 2018-2019
0%
152 Alef DM 1 0 (0) 2015-2016
0%
101 Aleksandar Miljkovic CB 9 0 (1) 2013-2014
0%
142 Andrej Lukic CB 2 0 (0) 2017-2018
0%
153 Aníbal Capela CB 1 0 (0) 2010-2011
0%
105 Arghus CB 8 0 (0) 2015-2016
0%
154 Caju LB 1 0 (0) 2019-2020
0%
155 Carlos Fortes ST 1 0 (0) 2015-2016
0%
156 Chidi Osuchukwu CM 1 0 (0) 2013-2014
0%
82 Crislan ST 14 2 (0) 2015-2017
0%
132 Cristiano Figueiredo GK 3 0 (0) 2012-2014
0%
63 Djamal DM 24 0 (0) 2011-2013
0%
157 Dolly Menga ST 1 0 (0) 2014-2015
0%
158 Douglas Coutinho ST 1 0 (0) 2016-2017
0%
159 Édson Rivera ST 1 0 (0) 2011-2012
0%
118 Élton ST 6 0 (0) 2010-2011
0%
160 Emídio Rafael LB 1 0 (0) 2012-2013
0%
119 Emiliano Velázquez CB 6 0 (0) 2016-2017
0%
133 Emmanuel Imorou LB 3 0 (0) 2011-2012
0%
134 Eri RW 3 0 (0) 2013-2014
0%
111 Érick Moreno ST 7 2 (0) 2013-2014
0%
70 Ewerton CB 19 1 (0) 2011-2012
0%
143 Fabiano RB 2 0 (0) 2019-2020
0%
98 Fede Cartabia RW 11 3 (2) 2016-2017
0%
81 Filipe Augusto DM 15 0 (0) 2015-2016
0%
125 Fran Mérida CM 5 0 (0) 2011-2012
0%
126 Guilherme AM 5 1 (0) 2010-2011
0%
144 Hebert CB 2 0 (0) 2013-2014
0%
61 Jefferson LB 26 0 (9) 2017-2018
0%
121 Joan Román AM 6 1 (0) 2015-2016
0%
83 João Carlos Teixeira AM 14 0 (1) 2017-2018
0%
84 João Pedro RB 14 2 (1) 2012-2013
0%
145 Junior Benítez LW 2 0 (0) 2016-2017
0%
161 Kadu CB 1 0 (0) 2013-2014
0%
94 Kaká CB 12 0 (0) 2010-2011
0%
128 Ladji Keita ST 4 1 (1) 2010-2011
0%
135 Leandro Kappel RW 3 0 (0) 2013-2014
0%
146 Leandro Sanca RW 2 0 (1) 2019-2020
0%
147 Léo Fortunato CB 2 0 (0) 2010-2011
0%
148 Lucas Cunha CB 2 0 (0) 2019-2020
0%
149 Luís Alberto DM 2 0 (0) 2011-2012
0%
122 Marko Bakic CM 6 0 (0) 2016-2017
0%
127 Maximilian Haas CB 5 0 (1) 2012-2013
0%
136 Michel ST 3 0 (0) 2012-2013
0%
44 Nuno André Coelho CB 40 2 (1) 2011-2014
0%
162 Nuno Valente CM 1 0 (0) 2013-2014
0%
123 Núrio Fortuna LB 6 0 (0) 2013-2015
0%
137 Palmeira CB 3 0 (0) 2011-2013
0%
102 Pedro Amador LB 9 0 (0) 2019-2020
0%
150 Pedro Monteiro CB 2 0 (0) 2014-2016
0%
138 Pedro Neto RW 3 1 (0) 2016-2018
0%
130 Piqueti RW 4 1 (0) 2013-2014
0%
151 Pizzi AM 2 0 (1) 2011-2012
0%
112 Rafael Assis DM 7 0 (0) 2016-2017
0%
88 Raul Rusescu ST 13 5 (0) 2013-2014
0%
96 Ricardo Ryller DM 12 0 (0) 2017-2019
0%
139 Rolando CB 3 0 (0) 2019-2020
0%
108 Sami LW 8 1 (0) 2014-2015
0%
58 Stanislav Kritsyuk GK 29 0 (0) 2014-2016
0%
113 Stian Ringstad LB 7 0 (0) 2015-2016
0%
103 Tomas Dabo RB 9 0 (0) 2013-2014
0%
140 Tomás Martínez AM 3 0 (0) 2016-2017
0%
164 Tommaso Berni GK 1 0 (0) 2011-2012
0%
165 Uche Agbo DM 1 0 (0) 2019-2020
0%
79 Vincent Sasso CB 16 0 (3) 2012-2015
0%
166 Yazalde ST 1 0 (0) 2013-2014
0%
No matching quizzes found
Score Distribution
Percent of People with Each Score
Percentile by Number Answered
Your Score History
You have not taken this quiz